| 000 | 01388 a2200409 4500 | ||
|---|---|---|---|
| 999 |
_c200129338 _d22228 |
||
| 001 | 200129338 | ||
| 003 | TR-AnTOB | ||
| 005 | 20231201161557.0 | ||
| 008 | 140523b tu 000 0 | ||
| 040 |
_aTR-AnTOB _cTR-AnTOB _beng _erda |
||
| 041 | 0 | _atur | |
| 050 |
_aBF1418.T8 _bG87 2005 |
||
| 090 | _aBF1418.T8 G87 2005 | ||
| 100 | 1 |
_aGürsan, Turgut _910763 |
|
| 245 | 0 |
_aYeraltındaki gizli dünyalar / _cTurgut Gürsan. |
|
| 264 | 1 |
_aİstanbul : _bBilge Karınca , _c2005. |
|
| 300 |
_a248 p.; _bill.; _c21 cm. |
||
| 336 |
_2rdacontent _atext _btxt |
||
| 337 |
_2rdamedia _aunmediated _bn |
||
| 338 |
_2rdacarrier _avolume _bnc |
||
| 490 | 0 |
_aBilge Karınca Genel Yayın No ; _v103 _aDünya Tarihi Dizisi ; _v2 |
|
| 650 | 0 | 0 |
_aLife on other planets _94780 |
| 650 | 1 | 7 |
_aYaşam, Diğer gezegenlerde _2etuturkob _9111593 |
| 650 | 7 |
_aTanımlanamayan uçan nesneler _2etuturkob _989312 |
|
| 650 | 0 |
_aAtomic bomb _xMoral and ethical aspects _989315 |
|
| 650 | 0 | 0 |
_aUnidentified flying objects _989317 |
| 650 | 0 | 0 |
_aOccultism _913136 |
| 650 | 1 | 4 |
_aAtom bombası _xAhlaki yönleri _989309 |
| 650 | 0 |
_aWorld politics _96468 |
|
| 650 | 1 | 4 |
_aDünya politikası _96466 |
| 650 | 1 | 0 |
_aGizlicilik _988602 |
| 650 | 0 |
_aGeographical myths _989318 |
|
| 650 | 1 | 4 |
_aCoğrafi efsaneler _989313 |
| 700 |
_aGürsan, Turgut _910763 |
||
| 942 |
_cBK _2lcc |
||